00839nam a2200229 a 450000100100000000500170001000800410002702000150006804000130008308200180009610000350011424501210014926000720027030000210034250000320036350000320039550000400042765000380046765000350050565000330054065000360057300000543320200929151658.0090819s1975 es 001 0 spa d a8400041038 aDO-SdBNP a808.06bD671c1 aDomínguez Caparrós, José10aContribución a la historia de las teorías métricas en los siglos XVIII y XIX /cJosé Domínguez Caparrós. aMadrid :bConsejo Superior de Investigaciones Científicas,c1975. a544 p. :b25 cm. aIncluye tabla de contenidos aIncluye datos biográficos aIncluye referencia bibliográficas 4aVersificaciónxArte de escribir 4aLengua españolaySIGLO XVIII 4aLengua españolaySIGLO XIX 4aLenguaje y lenguaxOrtografía